[Event "SVK-chT3A2 1819"]
[Site "Slovakia"]
[Date "2019.02.10"]
[Round "8.1"]
[White "Krist, Milan"]
[Black "Barca, Michal"]
[Result "1-0"]
[WhiteElo "1803"]
[BlackElo "1752"]
[PlyCount "165"]
[EventDate "2018.10.07"]
[EventType "team-tourn"]
[EventRounds "11"]
[EventCountry "SVK"]
[SourceTitle "EXT 2020"]
[Source "ChessBase"]
[SourceDate "2019.10.17"]
[SourceVersion "1"]
[SourceVersionDate "2019.10.17"]
[SourceQuality "1"]
[WhiteTeam "Trnava Lokomotiva II"]
[BlackTeam "Hlohovec"]
[WhiteTeamCountry "SVK"]
[BlackTeamCountry "SVK"]

1. d4 Nf6 2. c4 e6 3. Nc3 b6 4. Nf3 Bb7 5. Bg5 Be7 6. e3 d6 7. Be2 0-0 8. 0-0 Nbd7 9. Rb1 e5 10. Qc2 Re8 11. dxe5 Nxe5 12. Nxe5 dxe5 13. Rfd1 Qc8 14. h3 Qe6 15. Bxf6 Qxf6 16. Nb5 Bd6 17. Nxd6 cxd6 18. Rd2 Red8 19. Rbd1 g6 20. Qc3 Kf8 21. Qa3 Ke7 22. b4 a6 23. c5 d5 24. b5 bxc5 25. Qxc5+ Qd6 26. Qxd6+ Rxd6 27. bxa6 Bxa6 28. Bxa6 Raxa6 29. Rxd5 Rxd5 30. Rxd5 Rxa2 31. Rxe5+ Kf6 32. Rb5 h5 33. g3 Ra1+ 34. Kg2 Ra4 35. Rd5 Ke6 36. Rb5 f5 37. Rb6+ Kf7 38. h4 Re4 39. Kf3 Kg7 40. Rd6 Kf7 41. Rd4 Re6 42. e4 fxe4+ 43. Rxe4 Rb6 44. Kf4 Rf6+ 45. Ke3 Rb6 46. Rf4+ Kg7 47. Rd4 Kf7 48. Rd5 Rb3+ 49. Ke4 Rb4+ 50. Rd4 Rb5 51. Rd5 Rb4+ 52. Ke5 Rb2 53. Rd7+ Kf8 54. f3 Rb3 55. Ke4 Rb4+ 56. Rd4 Rb5 57. g4 g5 58. hxg5 hxg4 59. f4 g3 60. Kf3 Rb3+ 61. Kg2 Ke7 62. Re4+ Kf7 63. f5 Rb1 64. Kxg3 Rg1+ 65. Kf4 Rf1+ 66. Ke5 Rg1 67. g6+ Kg7 68. Ke6 Rf1 69. Ke5 Rf2 70. Rc4 Re2+ 71. Kf4 Rf2+ 72. Kg4 Rg2+ 73. Kf3 Rg5 74. Kf4 Rg1 75. Rc7+ Kg8 76. Ke5 Re1+ 77. Kf6 Re8 78. Re7 Rf8+ 79. Kg5 Rb8 80. Kh6 Kh8 81. f6 Kg8 82. f7+ Kf8 83. Re8+ 1-0

[Event "SVK-chT3A2 1819"]
[Site "Slovakia"]
[Date "2018.11.25"]
[Round "4.3"]
[White "Harasta, Marian"]
[Black "Krist, Milan"]
[Result "1/2-1/2"]
[WhiteElo "1657"]
[BlackElo "1803"]
[PlyCount "82"]
[EventDate "2018.10.07"]
[EventType "team-tourn"]
[EventRounds "11"]
[EventCountry "SVK"]
[SourceTitle "EXT 2020"]
[Source "ChessBase"]
[SourceDate "2019.10.17"]
[SourceVersion "1"]
[SourceVersionDate "2019.10.17"]
[SourceQuality "1"]
[WhiteTeam "Skalica II"]
[BlackTeam "Trnava Lokomotiva II"]
[WhiteTeamCountry "SVK"]
[BlackTeamCountry "SVK"]

1. d4 d5 2. c4 e5 3. dxe5 d4 4. Nf3 c5 5. Bg5 Be7 6. Bxe7 Nxe7 7. e3 Qa5+ 8. Qd2 Qxd2+ 9. Nbxd2 dxe3 10. fxe3 Nbc6 11. a3 Ng6 12. Ne4 0-0 13. Be2 b6 14. 0-0 Ncxe5 15. Nd6 Be6 16. b3 h6 17. Rad1 Rad8 18. Nb5 a5 19. Nc3 Ng4 20. e4 Ne3 21. Rxd8 Rxd8 22. Rc1 Nf4 23. Bf1 Nxf1 24. Rxf1 Rd3 25. Nd5 Nxd5 26. exd5 Bc8 27. Re1 Kf8 28. Rb1 Ke7 29. b4 axb4 30. axb4 Rc3 31. bxc5 bxc5 32. Rb8 Kd7 33. Ne5+ Kc7 34. Rb5 Ba6 35. Ra5 Kb6 36. Ra4 f6 37. Nd7+ Kc7 38. Nxf6 Bxc4 39. Ne8+ Kd8 40. Nxg7 Bxd5 41. Nf5 Rc2 1/2-1/2

[Event "SVK-chT3A2 1718"]
[Site "Slovakia"]
[Date "2017.10.08"]
[Round "1.4"]
[White "Sebesta, Radovan"]
[Black "Krist, Milan"]
[Result "1/2-1/2"]
[WhiteElo "1989"]
[BlackElo "1817"]
[PlyCount "56"]
[EventDate "2017.10.08"]
[EventType "team-tourn"]
[EventRounds "11"]
[EventCountry "SVK"]
[SourceTitle "EXT 2020"]
[Source "ChessBase"]
[SourceDate "2019.10.17"]
[SourceVersion "1"]
[SourceVersionDate "2019.10.17"]
[SourceQuality "1"]
[WhiteTeam "Senica SK"]
[BlackTeam "Trnava Lokomotiva III"]
[WhiteTeamCountry "SVK"]
[BlackTeamCountry "SVK"]

1. d4 d5 2. c4 e6 3. Nc3 Nf6 4. cxd5 exd5 5. Bg5 Be7 6. e3 0-0 7. Bd3 h6 8. Bh4 Be6 9. Qc2 Nbd7 10. Nf3 Rc8 11. 0-0 c5 12. Rac1 a6 13. dxc5 Nxc5 14. Bf5 Nce4 15. Bxe4 Nxe4 16. Bxe7 Qxe7 17. Qd3 Nxc3 18. Rxc3 Rxc3 19. Qxc3 Rc8 20. Qd2 Qc5 21. Nd4 Qc4 22. a3 Qa4 23. Rc1 Rxc1+ 24. Qxc1 Qc4 25. Qd2 Qa2 26. h3 Qc4 27. Kh2 Qc7+ 28. g3 Qc4 1/2-1/2

[Event "SVK-chT2A 1617"]
[Site "Slovakia"]
[Date "2017.03.11"]
[Round "10.7"]
[White "Gzib, David"]
[Black "Krist, Milan"]
[Result "1/2-1/2"]
[WhiteElo "1790"]
[BlackElo "1826"]
[PlyCount "113"]
[EventDate "2016.10.08"]
[EventType "team-tourn"]
[EventRounds "11"]
[EventCountry "SVK"]
[SourceTitle "EXT 2018"]
[Source "ChessBase"]
[SourceDate "2017.10.13"]
[SourceVersion "1"]
[SourceVersionDate "2017.10.13"]
[SourceQuality "1"]
[WhiteTeam "Devinska Nova Ves II"]
[BlackTeam "Trnava Lokomotiva II"]
[WhiteTeamCountry "SVK"]
[BlackTeamCountry "SVK"]

1. e4 e6 2. d4 d5 3. Nc3 Nf6 4. e5 Nfd7 5. Nce2 c5 6. c3 cxd4 7. cxd4 f6 8. Nf4 Bb4+ 9. Bd2 Bxd2+ 10. Qxd2 Qb6 11. Nf3 fxe5 12. Nxe5 Nxe5 13. dxe5 Nc6 14. Be2 0-0 15. 0-0 Qd4 16. Nd3 Nxe5 17. Rad1 Nxd3 18. Bxd3 Qf6 19. Qc2 g6 20. Rde1 Bd7 21. Qc7 Bc6 22. Qd6 Rae8 23. Re3 e5 24. Qxf6 Rxf6 25. f3 Kg7 26. Rfe1 Rfe6 27. Kf2 Kf6 28. Kg3 h6 29. Kf2 R8e7 30. Kg3 Bd7 31. Rc1 Rc6 32. Rxc6+ bxc6 33. b3 Bf5 34. Bxf5 Kxf5 35. Kf2 Ke6 36. Ke2 Kd6 37. Kd3 Kc5 38. a3 Kd6 39. b4 a5 40. Re2 axb4 41. axb4 Rb7 42. Rb2 c5 43. bxc5+ Kc6 44. Re2 Re7 45. Rc2 Ra7 46. Rb2 Ra3+ 47. Ke2 Kxc5 48. Rc2+ Kd6 49. Rb2 Ra6 50. g3 Kc5 51. Rc2+ Kd4 52. Rd2+ Kc4 53. Rc2+ Kd4 54. Rd2+ Kc5 55. Rc2+ Kd6 56. Rb2 g5 57. h3 1/2-1/2

[Event "SVK-chT4 A22 1617"]
[Site "Slovakia"]
[Date "2017.02.26"]
[Round "10.5"]
[White "Arpa, Zoltan"]
[Black "Krist, Milan"]
[Result "1/2-1/2"]
[WhiteElo "1785"]
[BlackElo "1835"]
[PlyCount "61"]
[EventDate "2016.10.09"]
[EventType "team-tourn"]
[EventRounds "11"]
[EventCountry "SVK"]
[SourceTitle "EXT 2020"]
[Source "ChessBase"]
[SourceDate "2019.10.17"]
[SourceVersion "1"]
[SourceVersionDate "2019.10.17"]
[SourceQuality "1"]

1. d4 d5 2. c4 e5 3. dxe5 d4 4. g3 c5 5. Bg2 Nc6 6. Bxc6+ bxc6 7. Nf3 Ne7 8. 0-0 Ng6 9. Qc2 Be7 10. Nbd2 0-0 11. Qe4 Bd7 12. b3 Qc8 13. Qc2 Bf5 14. Qd1 Qc7 15. Bb2 Nxe5 16. Nxe5 Qxe5 17. Nf3 Qc7 18. Qd2 Rad8 19. Rfd1 Rfe8 20. Ne1 Bf6 21. Nd3 Qe7 22. Re1 h6 23. Ba3 Bxd3 24. exd3 Qd6 25. Rxe8+ Rxe8 26. Re1 Rxe1+ 27. Qxe1 Qe7 28. Qxe7 Bxe7 29. Kg2 f6 30. Kf3 Kf7 31. Bc1 1/2-1/2

[Event "SVK-chT4 A22 1617"]
[Site "Slovakia"]
[Date "2016.12.18"]
[Round "6.6"]
[White "Bugar, Peter"]
[Black "Krist, Milan"]
[Result "1-0"]
[WhiteElo "1893"]
[BlackElo "1852"]
[PlyCount "69"]
[EventDate "2016.10.09"]
[EventType "team-tourn"]
[EventRounds "11"]
[EventCountry "SVK"]
[SourceTitle "EXT 2020"]
[Source "ChessBase"]
[SourceDate "2019.10.17"]
[SourceVersion "1"]
[SourceVersionDate "2019.10.17"]
[SourceQuality "1"]

1. c4 c5 2. Nc3 Nc6 3. Nf3 Nf6 4. g3 e6 5. d3 d6 6. Bg2 Be7 7. 0-0 0-0 8. a3 Bd7 9. Rb1 Rb8 10. b4 cxb4 11. axb4 Qc8 12. b5 Nd8 13. Ba3 Re8 14. Qb3 e5 15. Rfc1 Ne6 16. Ra1 Qc7 17. e3 Rec8 18. Nxe5 Nc5 19. Bxc5 dxc5 20. Nxd7 Qxd7 21. Nd5 Nxd5 22. Bxd5 b6 23. Ra6 Bf6 24. Rc2 Rc7 25. Rca2 Kf8 26. Qa3 h6 27. Rxa7 Rxa7 28. Qxa7 Qxa7 29. Rxa7 Be7 30. d4 f6 31. Be6 g5 32. d5 Rd8 33. Rb7 Rd6 34. e4 h5 35. f4 1-0

[Event "SVK-chT3A2 1617"]
[Site "Slovakia"]
[Date "2016.12.11"]
[Round "5.5"]
[White "Matis, Tibor"]
[Black "Krist, Milan"]
[Result "1-0"]
[WhiteElo "1719"]
[BlackElo "1868"]
[PlyCount "117"]
[EventDate "2016.10.16"]
[EventType "team-tourn"]
[EventRounds "11"]
[EventCountry "SVK"]
[SourceTitle "EXT 2020"]
[Source "ChessBase"]
[SourceDate "2019.10.17"]
[SourceVersion "1"]
[SourceVersionDate "2019.10.17"]
[SourceQuality "1"]
[WhiteTeam "Dunajska Streda II"]
[BlackTeam "Trnava Lokomotiva III"]
[WhiteTeamCountry "SVK"]
[BlackTeamCountry "SVK"]

1. e4 e6 2. d4 d5 3. Nd2 dxe4 4. Nxe4 Nd7 5. Nf3 Ngf6 6. Ng3 b6 7. Bd3 Bb7 8. 0-0 Be7 9. Re1 0-0 10. Qe2 Bd6 11. Bg5 Re8 12. Ne5 Be7 13. Nxf7 Kxf7 14. Qxe6+ Kf8 15. Bc4 Bd5 16. Bxd5 Nxd5 17. Qxd5 Nf6 18. Qxd8 Raxd8 19. Nf5 Kf7 20. Rxe7+ Rxe7 21. Nxe7 Kxe7 22. Re1+ Kf7 23. Bxf6 Kxf6 24. c3 c5 25. Kf1 cxd4 26. cxd4 Rxd4 27. Ke2 Rd7 28. Rc1 Re7+ 29. Kf3 Rd7 30. Rc2 Rd3+ 31. Ke4 Rd7 32. b4 h6 33. a4 Ke6 34. Rc6+ Ke7 35. f3 Kf7 36. Ke5 Ke7 37. Rg6 Kf7 38. Rd6 Rc7 39. Kd5 Ke7 40. Re6+ Kd7 41. Rg6 Ke8 42. Kd6 Rf7 43. Kc6 Kf8 44. Kb5 Rd7 45. Kc6 Rf7 46. Rd6 Rf4 47. Kb5 Ke7 48. Rc6 Kd7 49. Rg6 Rf7 50. a5 bxa5 51. Kxa5 Kc7 52. Ka6 Kc8 53. b5 Rf4 54. Kxa7 Rf7+ 55. Kb6 Kb8 56. Re6 Rb7+ 57. Kc5 Rf7 58. Kd6 Rf5 59. Kc6 1-0

[Event "SVK-chT4 A22 1516"]
[Site "Slovakia"]
[Date "2016.03.13"]
[Round "10.1"]
[White "Csefalvay, Stefan"]
[Black "Krist, Milan"]
[Result "1/2-1/2"]
[WhiteElo "1834"]
[BlackElo "1872"]
[PlyCount "100"]
[EventDate "2015.10.04"]
[EventType "team-tourn"]
[EventRounds "11"]
[EventCountry "SVK"]
[SourceTitle "EXT 2020"]
[Source "ChessBase"]
[SourceDate "2019.10.17"]
[SourceVersion "1"]
[SourceVersionDate "2019.10.17"]
[SourceQuality "1"]

1. Nf3 d5 2. c4 Nf6 3. g3 e6 4. Bg2 g6 5. b3 Bg7 6. Bb2 0-0 7. d4 c6 8. 0-0 Nbd7 9. Nbd2 b6 10. Re1 Bb7 11. Rc1 Ne4 12. Qc2 Nxd2 13. Nxd2 Rc8 14. e4 c5 15. dxc5 Bxb2 16. Qxb2 Nxc5 17. Qb1 dxe4 18. Nxe4 Bxe4 19. Bxe4 Qf6 20. b4 Nd7 21. Qb3 Rfd8 22. Qc3 Qxc3 23. Rxc3 Nf6 24. Bf3 Rd4 25. Rec1 Nd7 26. a3 Ne5 27. Be2 Nd7 28. Kg2 Kf8 29. h4 Ke7 30. R1c2 Nf6 31. Bf3 Nd7 32. Be2 Nf6 33. Bf3 Nd7 34. Kf1 Ne5 35. Be2 Nd7 36. Rd3 Rxd3 37. Bxd3 Ne5 38. Be2 Nc6 39. Rc3 a5 40. Rc2 Nd4 41. Rc3 axb4 42. axb4 Nb5 43. Rc1 Nd6 44. Bd3 e5 45. f3 f6 46. Kf2 f5 47. Ke3 Kf6 48. c5 bxc5 49. bxc5 Nb7 50. c6 Nd6 1/2-1/2

[Event "SVK-chT4 A22 1516"]
[Site "Slovakia"]
[Date "2015.10.18"]
[Round "2.5"]
[White "Matis, Tibor"]
[Black "Krist, Milan"]
[Result "1-0"]
[WhiteElo "1695"]
[BlackElo "1859"]
[PlyCount "89"]
[EventDate "2015.10.04"]
[EventType "team-tourn"]
[EventRounds "11"]
[EventCountry "SVK"]
[SourceTitle "EXT 2020"]
[Source "ChessBase"]
[SourceDate "2019.10.17"]
[SourceVersion "1"]
[SourceVersionDate "2019.10.17"]
[SourceQuality "1"]

1. e4 c6 2. d4 d5 3. e5 Bf5 4. g4 Bd7 5. f4 e6 6. Nf3 c5 7. Be3 cxd4 8. Bxd4 Nc6 9. Bf2 Rc8 10. Nbd2 Qc7 11. c3 b6 12. Ba6 Rb8 13. Bd3 Bc5 14. 0-0 Nge7 15. Nb3 Bxf2+ 16. Rxf2 Ng6 17. Bxg6 hxg6 18. Nfd4 Nxd4 19. Nxd4 Ke7 20. Qe2 Qc4 21. Qxc4 dxc4 22. Rd1 Rhd8 23. Rdf1 Rf8 24. Rd2 Rfd8 25. Rfd1 Be8 26. Kf2 Rd5 27. Nf3 Rxd2+ 28. Rxd2 Rd8 29. Rxd8 Kxd8 30. Nd4 Kc7 31. Ke3 Bd7 32. Ke4 a5 33. h4 b5 34. f5 gxf5+ 35. gxf5 exf5+ 36. Nxf5 Bxf5+ 37. Kxf5 Kd7 38. h5 Ke7 39. Ke4 Kd7 40. Kd5 Ke7 41. a4 bxa4 42. Kxc4 f6 43. exf6+ Kxf6 44. Kd5 Kg5 45. c4 1-0

[Event "SVK-chT3A2 1415"]
[Site "Slovakia"]
[Date "2014.11.30"]
[Round "4.2"]
[White "Slaby, Jozef"]
[Black "Krist, Milan"]
[Result "1/2-1/2"]
[WhiteElo "1879"]
[BlackElo "1913"]
[PlyCount "59"]
[EventDate "2014.10.19"]
[EventType "team-tourn"]
[EventRounds "11"]
[EventCountry "SVK"]
[SourceTitle "EXT 2019"]
[Source "ChessBase"]
[SourceDate "2018.10.10"]
[SourceVersion "1"]
[SourceVersionDate "2018.10.10"]
[SourceQuality "1"]

1. c4 c5 2. Nc3 Nf6 3. g3 e6 4. Bg2 Be7 5. e3 0-0 6. Nge2 Nc6 7. 0-0 d5 8. cxd5 exd5 9. d4 cxd4 10. Nxd4 Bb4 11. Nce2 Ba5 12. b3 Nxd4 13. Qxd4 Be6 14. Bb2 Bb6 15. Qd3 Rc8 16. Rac1 Qe7 17. Nd4 Rfd8 18. a4 a6 19. Rfd1 Rxc1 20. Rxc1 Rc8 21. Rxc8+ Bxc8 22. Qc3 Qc5 23. Ne2 Qxc3 24. Bxc3 Ne4 25. Be5 Be6 26. Nf4 g5 27. Nxe6 fxe6 28. Bxe4 dxe4 29. Kf1 g4 30. Bc3 1/2-1/2

[Event "SVK-chT3A2 1314"]
[Site "Slovakia"]
[Date "2014.03.23"]
[Round "11.2"]
[White "Palka, Miroslav"]
[Black "Krist, Milan"]
[Result "1/2-1/2"]
[WhiteElo "1924"]
[BlackElo "1946"]
[PlyCount "40"]
[EventDate "2013.10.13"]
[EventType "team-tourn"]
[EventRounds "11"]
[EventCountry "SVK"]
[SourceTitle "EXT 2015"]
[Source "ChessBase"]
[SourceDate "2014.11.20"]
[SourceVersion "1"]
[SourceVersionDate "2014.11.20"]
[SourceQuality "1"]
[WhiteTeam "Senica SK"]
[BlackTeam "Trnava Lokomotiva III"]
[WhiteTeamCountry "SVK"]
[BlackTeamCountry "SVK"]

1. c4 c5 2. Nc3 Nc6 3. g3 Nf6 4. Bg2 e5 5. e4 d6 6. Nge2 Be7 7. 0-0 0-0 8. f4 Bg4 9. d3 Nd4 10. h3 Nxe2+ 11. Nxe2 Bxe2 12. Qxe2 a6 13. g4 Nd7 14. Rb1 Nb8 15. Be3 Nc6 16. a3 Rb8 17. b4 b6 18. b5 axb5 19. Rxb5 exf4 20. Rxf4 Bg5 1/2-1/2

[Event "SVK-chT3A2 1314"]
[Site "Slovakia"]
[Date "2014.02.16"]
[Round "9.1"]
[White "Rau, Vladimir"]
[Black "Krist, Milan"]
[Result "1/2-1/2"]
[WhiteElo "1637"]
[BlackElo "1946"]
[PlyCount "64"]
[EventDate "2013.10.13"]
[EventType "team-tourn"]
[EventRounds "11"]
[EventCountry "SVK"]
[SourceTitle "EXT 2015"]
[Source "ChessBase"]
[SourceDate "2014.11.20"]
[SourceVersion "1"]
[SourceVersionDate "2014.11.20"]
[SourceQuality "1"]
[WhiteTeam "Trnava Modranka Jun"]
[BlackTeam "Trnava Lokomotiva III"]
[WhiteTeamCountry "SVK"]
[BlackTeamCountry "SVK"]

1. d4 d5 2. c4 Nf6 3. Nf3 e6 4. Bg5 Be7 5. e3 0-0 6. Bd3 dxc4 7. Bxc4 Nbd7 8. 0-0 b6 9. Nc3 Bb7 10. Rc1 Ne4 11. Bxe7 Qxe7 12. Nb5 c6 13. Nc3 Nxc3 14. bxc3 Qf6 15. Be2 Rfe8 16. Qb3 g6 17. c4 Qf5 18. Bd3 Qa5 19. Rfd1 Nf6 20. e4 Qh5 21. Bb1 Nd7 22. Qe3 Kg7 23. a4 Rac8 24. Qc3 Kg8 25. Ba2 b5 26. c5 a6 27. axb5 axb5 28. Ra1 Ra8 29. Bb3 Qh6 30. Rxa8 Rxa8 31. Ra1 Qf8 32. h3 Qb8 1/2-1/2

[Event "SVK-chT3A2 1314"]
[Site "Slovakia"]
[Date "2013.11.10"]
[Round "3.4"]
[White "Krist, Milan"]
[Black "Sarmir, Milos"]
[Result "0-1"]
[WhiteElo "1946"]
[BlackElo "2075"]
[PlyCount "146"]
[EventDate "2013.10.13"]
[EventType "team-tourn"]
[EventRounds "11"]
[EventCountry "SVK"]
[SourceTitle "EXT 2015"]
[Source "ChessBase"]
[SourceDate "2014.11.20"]
[SourceVersion "1"]
[SourceVersionDate "2014.11.20"]
[SourceQuality "1"]
[WhiteTeam "Trnava Lokomotiva III"]
[BlackTeam "Cifer"]
[WhiteTeamCountry "SVK"]
[BlackTeamCountry "SVK"]

1. d4 Nf6 2. Nf3 e6 3. c4 d5 4. Nc3 Be7 5. Bg5 h6 6. Bh4 0-0 7. e3 Nbd7 8. Be2 dxc4 9. Bxc4 b6 10. 0-0 Bb7 11. Rc1 a6 12. Qe2 Ne8 13. Bg3 Bd6 14. Rfd1 Bxg3 15. hxg3 Qe7 16. a3 Nd6 17. Ba2 Rac8 18. d5 e5 19. e4 g6 20. Nh4 Kg7 21. Bb1 Nc5 22. Bc2 a5 23. Nf3 Ba6 24. Qe1 Bc4 25. Nd2 Nd3 26. Bxd3 Bxd3 27. Nf1 Bc4 28. Ne3 Bb3 29. Rd2 f5 30. exf5 gxf5 31. Re2 Rce8 32. f4 a4 33. Qf2 Rf7 34. Rce1 e4 35. Nc2 Kh7 36. Nd4 Bc4 37. Re3 Qf6 38. Nc6 Rg7 39. Ne5 Rxe5 40. fxe5 Qxe5 41. Rc1 Bxd5 42. Nxd5 Qxd5 43. Rec3 c5 44. Qf1 Qd4+ 45. Qf2 Qe5 46. Qf4 Qd4+ 47. Qf2 Nb5 48. Rc4 Qe5 49. Qf4 Qxf4 50. gxf4 Nd4 51. Kf2 Ne6 52. g3 Rd7 53. Ke1 Rd3 54. R4c3 b5 55. Rxd3 exd3 56. Kd2 c4 57. Re1 Nc5 58. Re5 Ne4+ 59. Kd1 b4 60. axb4 a3 61. bxa3 c3 62. Rd5 d2 63. b5 Nxg3 64. b6 Nf1 65. Rxd2 Ne3+ 66. Ke2 cxd2 67. Kxd2 Nc4+ 68. Ke2 Nxb6 69. Kf3 Kg6 70. Kg3 Kf6 71. Kh4 Nd5 72. Kg3 Ke6 73. a4 Kd6 0-1

[Event "SVK-chT3A2 1314"]
[Site "Slovakia"]
[Date "2013.10.27"]
[Round "2.3"]
[White "Hudacek, Josef"]
[Black "Krist, Milan"]
[Result "0-1"]
[WhiteElo "2040"]
[BlackElo "1946"]
[PlyCount "146"]
[EventDate "2013.10.13"]
[EventType "team-tourn"]
[EventRounds "11"]
[EventCountry "SVK"]
[SourceTitle "EXT 2015"]
[Source "ChessBase"]
[SourceDate "2014.11.20"]
[SourceVersion "1"]
[SourceVersionDate "2014.11.20"]
[SourceQuality "1"]
[WhiteTeam "Skalica"]
[BlackTeam "Trnava Lokomotiva III"]
[WhiteTeamCountry "SVK"]
[BlackTeamCountry "SVK"]

1. e4 c6 2. d4 d5 3. Nd2 e6 4. Ngf3 Nf6 5. Bd3 Be7 6. 0-0 0-0 7. c3 dxe4 8. Nxe4 Nbd7 9. Be3 Nxe4 10. Qc2 f5 11. Bxe4 fxe4 12. Qxe4 Nf6 13. Qc2 Ng4 14. Bd2 Qd6 15. h3 Rxf3 16. hxg4 Rf7 17. Rae1 Bd7 18. Re5 Bf6 19. Re3 g6 20. f4 Raf8 21. Ref3 a6 22. b4 Qd5 23. Be3 Bg7 24. a3 Qc4 25. R1f2 b5 26. Bc1 Ra8 27. Rh3 a5 28. Kh2 axb4 29. axb4 Ra1 30. Qb2 Ra4 31. Rhf3 Rf8 32. Qd2 Rfa8 33. Bb2 Ra2 34. Qc1 Rf8 35. Rd2 Rf7 36. Rff2 Bf8 37. Qb1 Ra8 38. Qe4 Qd5 39. Qe3 Bd6 40. g3 Qc4 41. Qe4 Raf8 42. Qe3 Ra8 43. Qe4 Ra2 44. Qc2 Rf8 45. Qe4 Qd5 46. Qe3 Kg7 47. Kg1 Rfa8 48. Qe1 Qb3 49. Qe4 Qd5 50. Qb1 Qb3 51. Qd3 Bxb4 52. cxb4 Rxb2 53. f5 Qxd3 54. f6+ Kf7 55. Rxd3 Rxf2 56. Kxf2 Kxf6 57. Rf3+ Ke7 58. Rb3 Kd6 59. Ke3 Kd5 60. Kd3 e5 61. dxe5 Kxe5 62. Ke3 Be6 63. Rc3 Bd5 64. Rc1 Rf8 65. Re1 Rf3+ 66. Ke2 Rb3 67. Kf2+ Kd6 68. Ra1 Rxb4 69. Ra7 Rxg4 70. Rxh7 b4 71. Rb7 b3 72. Rb8 Kc5 73. Rb7 Rb4 0-1

[Event "SVK-chT3A2 1213"]
[Site "Slovakia"]
[Date "2013.03.10"]
[Round "10.2"]
[White "Hudacek, Josef"]
[Black "Krist, Milan"]
[Result "1-0"]
[WhiteElo "2067"]
[BlackElo "1985"]
[PlyCount "99"]
[EventDate "2012.10.07"]
[EventType "team-tourn"]
[EventRounds "11"]
[EventCountry "SVK"]
[SourceTitle "EXT 2015"]
[Source "ChessBase"]
[SourceDate "2014.11.20"]
[SourceVersion "1"]
[SourceVersionDate "2014.11.20"]
[SourceQuality "1"]
[WhiteTeam "Skalica"]
[BlackTeam "Trnava Lokomotiva Solartec III"]
[WhiteTeamCountry "SVK"]
[BlackTeamCountry "SVK"]

1. e4 e6 2. d3 c5 3. g3 Nc6 4. Bg2 e5 5. Ne2 Nf6 6. Nbc3 d6 7. 0-0 Be7 8. f4 0-0 9. f5 Nd4 10. h3 h6 11. g4 Nh7 12. Nd5 Bg5 13. Ne3 b5 14. c3 Nxe2+ 15. Qxe2 Bb7 16. b3 Qb6 17. Qf2 Qd8 18. c4 b4 19. Bf3 a5 20. a4 Re8 21. Ra2 Bh4 22. Qh2 Bg5 23. Ng2 Bxc1 24. Rxc1 f6 25. Rf1 Kf8 26. Bd1 Ke7 27. h4 Kd7 28. Ne1 Rh8 29. Nf3 Qe7 30. Qd2 Rag8 31. Qe3 Kc7 32. Rg2 Bc8 33. Kf2 g5 34. fxg6 Rxg6 35. Rfg1 Rhg8 36. h5 Rxg4 37. Rxg4 Rxg4 38. Qxh6 Rxg1 39. Kxg1 f5 40. Qg6 f4 41. h6 Bd7 42. Be2 Be8 43. Qg8 Qf7 44. Qxf7+ Bxf7 45. Nh4 Be8 46. Bg4 Nf6 47. Kg2 Bd7 48. Bf5 Bxa4 49. bxa4 b3 50. Nf3 1-0

[Event "SVK-chT3A2 1213"]
[Site "Slovakia"]
[Date "2012.12.09"]
[Round "5.5"]
[White "Liptak, Tomas"]
[Black "Krist, Milan"]
[Result "0-1"]
[WhiteElo "2082"]
[BlackElo "1985"]
[PlyCount "124"]
[EventDate "2012.10.07"]
[EventType "team-tourn"]
[EventRounds "11"]
[EventCountry "SVK"]
[SourceTitle "EXT 2015"]
[Source "ChessBase"]
[SourceDate "2014.11.20"]
[SourceVersion "1"]
[SourceVersionDate "2014.11.20"]
[SourceQuality "1"]
[WhiteTeam "Cifer"]
[BlackTeam "Trnava Lokomotiva Solartec III"]
[WhiteTeamCountry "SVK"]
[BlackTeamCountry "SVK"]

1. e4 c6 2. d3 d5 3. Nd2 g6 4. f4 Bg7 5. Ngf3 Qb6 6. Nb3 d4 7. g3 c5 8. Bg2 Nc6 9. Nfd2 Be6 10. 0-0 Nf6 11. h3 Rc8 12. g4 Nd7 13. f5 Bxb3 14. axb3 Nce5 15. Nc4 Nxc4 16. bxc4 a6 17. b3 0-0 18. Qe1 Be5 19. Qh4 Qd6 20. Bd2 Bg3 21. Qh6 Be5 22. g5 gxf5 23. Qxd6 exd6 24. exf5 Rb8 25. Be4 f6 26. g6 Kg7 27. h4 hxg6 28. fxg6 Rh8 29. Kg2 Rxh4 30. Rh1 Rbh8 31. Rxh4 Rxh4 32. Be1 Rxe4 33. dxe4 Kxg6 34. Kf3 f5 35. Bd2 fxe4+ 36. Kxe4 Nf6+ 37. Kf3 Kf5 38. Rh1 b5 39. Ra1 d3 40. c3 bxc4 41. bxc4 Ne4 42. Rd1 a5 43. Be1 Nxc3 44. Rxd3 Na4 45. Rd1 Nb2 46. Rc1 Nd3 47. Rd1 Nb4 48. Bg3 Nc6 49. Rd3 Ke6 50. Ra3 Bxg3 51. Kxg3 Ke5 52. Kf3 Kd4 53. Ra4 Kc3 54. Ke4 Kb3 55. Ra1 Nb4 56. Rd1 Kxc4 57. Rxd6 a4 58. Rd8 a3 59. Ra8 Nd5 60. Ra5 Nc3+ 61. Ke3 Kb4 62. Ra8 Na4 0-1

[Event "SVK-chT2A 1112"]
[Site "Slovakia"]
[Date "2011.12.04"]
[Round "6.8"]
[White "Jablonicky, Martin"]
[Black "Krist, Milan"]
[Result "0-1"]
[WhiteElo "1757"]
[BlackElo "1990"]
[PlyCount "78"]
[EventDate "2011.10.08"]
[EventType "team-tourn"]
[EventRounds "11"]
[EventCountry "SVK"]
[SourceTitle "EXT 2013"]
[Source "ChessBase"]
[SourceDate "2012.11.22"]
[SourceVersion "1"]
[SourceVersionDate "2012.11.22"]
[SourceQuality "1"]
[WhiteTeam "Trnava Modranka"]
[BlackTeam "Trnava Lokomotiva II"]
[WhiteTeamCountry "SVK"]
[BlackTeamCountry "SVK"]

1. e4 c6 2. d4 d5 3. Nc3 dxe4 4. Nxe4 Nf6 5. Nxf6+ exf6 6. Nf3 Bd6 7. Be2 0-0 8. 0-0 Bg4 9. b3 Nd7 10. Bb2 Re8 11. h3 Bh5 12. Qd2 Qc7 13. Rfe1 Nb6 14. c4 Bf4 15. Qc2 Rad8 16. Rad1 Qc8 17. a4 Bb8 18. Nh2 Qc7 19. Nf1 Bg6 20. Bd3 Nc8 21. Bxg6 hxg6 22. b4 Nd6 23. Qc3 Nf5 24. Rxe8+ Rxe8 25. Re1 Rd8 26. Re4 Nd6 27. Re1 Nf5 28. Qd2 Nd6 29. Qd3 Nf5 30. b5 a6 31. bxa6 bxa6 32. d5 cxd5 33. cxd5 Qa5 34. Re4 Rxd5 35. Qc4 Be5 36. Bxe5 fxe5 37. Qc8+ Kh7 38. Qe8 Qc7 39. a5 Qe7 0-1